<?xml version='1.0' encoding='UTF-8'?>
  <record xmlns="http://www.loc.gov/MARC21/slim">
    <leader>00000cam a22000007i 4500</leader>
    <controlfield tag="001">ocm68234688</controlfield>
    <controlfield tag="003">OCoLC</controlfield>
    <controlfield tag="005">20250306173631.4</controlfield>
    <controlfield tag="008">971017s1581    fr            000 0 ger d</controlfield>
    <datafield tag="040" ind1=" " ind2=" ">
      <subfield code="a">NLGGC</subfield>
      <subfield code="b">eng</subfield>
      <subfield code="e">rda</subfield>
      <subfield code="e">dcrmr</subfield>
      <subfield code="c">NLGGC</subfield>
      <subfield code="d">QGJ</subfield>
      <subfield code="d">OCLCF</subfield>
      <subfield code="d">OCLCA</subfield>
      <subfield code="d">OCLCO</subfield>
      <subfield code="d">OCLCL</subfield>
      <subfield code="d">QGJ</subfield>
      <subfield code="d">OCLCO</subfield>
    </datafield>
    <datafield tag="029" ind1="0" ind2=" ">
      <subfield code="a">NLGGC</subfield>
      <subfield code="b">162605285</subfield>
    </datafield>
    <datafield tag="035" ind1=" " ind2=" ">
      <subfield code="a">(OCoLC)68234688</subfield>
    </datafield>
    <datafield tag="041" ind1="1" ind2=" ">
      <subfield code="a">ger</subfield>
      <subfield code="h">frm</subfield>
    </datafield>
    <datafield tag="130" ind1="0" ind2=" ">
      <subfield code="a">Articles proposez en l'assemblée et conferance faicte au lieu de Flex.</subfield>
      <subfield code="l">German</subfield>
    </datafield>
    <datafield tag="245" ind1="0" ind2="0">
      <subfield code="a">Fridens Articul Angebracht, bewilligt vn[d] beschlossen inn der Versamlung vnd Thädigung zu Flex bei der Statt Saincte-Foy, zwischen dem Durchleuchtigen Fürsten vnd Herren, Hertzogen von Anjou, Königklicher May: eintzigem Brudern, als inn krafft von Jrer May: habende[n] Gewalts, vn[d] auch dem König von Navarr, sam[m]t beistand der Deputirten von der Fürgegebenen Reformirten Religion. Jm kurtzhin verschinenen Monat Decembri, zu hinlegung vn[d] befridigung deren in Franckreich eyn zeitlang hero wärender Vnrhuhen vnd kriegslastes, angesehen vnd publiciret. /</subfield>
      <subfield code="c">Auss dem Frantzösischen Exemplar treulich Teutsch gegeben.</subfield>
    </datafield>
    <datafield tag="246" ind1="3" ind2=" ">
      <subfield code="a">Fridens Articul Angebracht, bewilligt und beschlossen inn der Versamlung und Thädigung zu Flex bei der Statt Saincte-Foy</subfield>
    </datafield>
    <datafield tag="246" ind1="3" ind2=" ">
      <subfield code="a">FridensArticul</subfield>
    </datafield>
    <datafield tag="264" ind1=" " ind2="1">
      <subfield code="a">Zu Strassburg, :</subfield>
      <subfield code="b">Bei B. Jobin.,</subfield>
      <subfield code="c">M.D.LXXXI. [1581]</subfield>
    </datafield>
    <datafield tag="300" ind1=" " ind2=" ">
      <subfield code="a">24 pages ;</subfield>
      <subfield code="c">22 cm (4to)</subfield>
    </datafield>
    <datafield tag="336" ind1=" " ind2=" ">
      <subfield code="a">text</subfield>
      <subfield code="b">txt</subfield>
      <subfield code="2">rdacontent</subfield>
    </datafield>
    <datafield tag="337" ind1=" " ind2=" ">
      <subfield code="a">unmediated</subfield>
      <subfield code="b">n</subfield>
      <subfield code="2">rdamedia</subfield>
    </datafield>
    <datafield tag="338" ind1=" " ind2=" ">
      <subfield code="a">volume</subfield>
      <subfield code="b">nc</subfield>
      <subfield code="2">rdacarrier</subfield>
    </datafield>
    <datafield tag="340" ind1=" " ind2=" ">
      <subfield code="m">4to</subfield>
      <subfield code="2">rdabf</subfield>
    </datafield>
    <datafield tag="500" ind1=" " ind2=" ">
      <subfield code="a">Signatures: A-C⁴.</subfield>
    </datafield>
    <datafield tag="500" ind1=" " ind2=" ">
      <subfield code="a">Title vignette: arms of France and Navarre.</subfield>
    </datafield>
    <datafield tag="500" ind1=" " ind2=" ">
      <subfield code="a">With initials.</subfield>
    </datafield>
    <datafield tag="510" ind1="4" ind2=" ">
      <subfield code="a">Verzeichnis der im deutschen Sprachbereich erschienenen Drucke des 16. Jahrhunderts (VD 16),</subfield>
      <subfield code="c">F 2435</subfield>
      <subfield code="u">https://gateway-bayern.de/VD16+F+2435</subfield>
    </datafield>
    <datafield tag="510" ind1="4" ind2=" ">
      <subfield code="a">Rijksuniversiteit te Utrecht. Pamfletten niet voorkomende in afzonderlijk gedrukte catalogi der verzamelingen in andere openbare Nederlandsche bibliotheken,</subfield>
      <subfield code="c">304</subfield>
    </datafield>
    <datafield tag="600" ind1="0" ind2="0">
      <subfield code="a">Henry</subfield>
      <subfield code="b">IV,</subfield>
      <subfield code="c">King of France,</subfield>
      <subfield code="d">1553-1610.</subfield>
    </datafield>
    <datafield tag="600" ind1="1" ind2="0">
      <subfield code="a">Anjou, François,</subfield>
      <subfield code="c">duc d',</subfield>
      <subfield code="d">1554-1584.</subfield>
    </datafield>
    <datafield tag="651" ind1=" " ind2="0">
      <subfield code="a">France</subfield>
      <subfield code="x">History</subfield>
      <subfield code="y">Wars of the Huguenots, 1562-1598.</subfield>
    </datafield>
    <datafield tag="630" ind1="0" ind2="4">
      <subfield code="a">Fleix, Treaty of, 1580.</subfield>
    </datafield>
    <datafield tag="651" ind1=" " ind2="6">
      <subfield code="a">France</subfield>
      <subfield code="x">Histoire</subfield>
      <subfield code="y">1562-1598 (Guerres de religion)</subfield>
    </datafield>
    <datafield tag="600" ind1="1" ind2="7">
      <subfield code="a">Anjou, François,</subfield>
      <subfield code="c">duc d',</subfield>
      <subfield code="d">1554-1584</subfield>
      <subfield code="2">fast</subfield>
      <subfield code="1">https://id.oclc.org/worldcat/entity/E39PBJpv3mDgj4mWKYxxRDQXh3</subfield>
    </datafield>
    <datafield tag="600" ind1="0" ind2="7">
      <subfield code="a">Henry</subfield>
      <subfield code="b">IV,</subfield>
      <subfield code="c">King of France,</subfield>
      <subfield code="d">1553-1610</subfield>
      <subfield code="2">fast</subfield>
      <subfield code="1">https://id.oclc.org/worldcat/entity/E39PBJqqCBHgdkX6wVwPt8rTHC</subfield>
    </datafield>
    <datafield tag="700" ind1="1" ind2=" ">
      <subfield code="a">Jobin, Bernhard,</subfield>
      <subfield code="d">approximately 1545-1593,</subfield>
      <subfield code="e">printer.</subfield>
      <subfield code="4">prt</subfield>
      <subfield code="1">https://id.oclc.org/worldcat/entity/E39PCjBCmDWpQ99R3PYp98GKtX</subfield>
    </datafield>
    <datafield tag="710" ind1="1" ind2=" ">
      <subfield code="a">France.</subfield>
      <subfield code="b">Sovereign (1574-1589 : Henry III),</subfield>
      <subfield code="e">author.</subfield>
      <subfield code="4">aut</subfield>
    </datafield>
    <datafield tag="710" ind1="1" ind2=" ">
      <subfield code="a">France.</subfield>
      <subfield code="b">Sovereign (1589-1610 : Henry IV),</subfield>
      <subfield code="e">author.</subfield>
      <subfield code="4">aut</subfield>
    </datafield>
    <datafield tag="752" ind1=" " ind2=" ">
      <subfield code="a">France</subfield>
      <subfield code="d">Strasbourg,</subfield>
      <subfield code="e">place of publication.</subfield>
      <subfield code="4">pup</subfield>
    </datafield>
  </record>